L´Ingegnoso Cittadino Don Chisciote della Mancia (Record no. 3173)

MARC details
000 -CABECERA
campo de control de longitud fija 01541nam a2200289 a 4500
001 - NÚMERO DE CONTROL
campo de control BRCA_3437
005 - FECHA Y HORA DE LA ÚLTIMA TRANSACCIÓN
campo de control 20190320204301.0
041 ## - CÓDIGO DE LENGUA
Código de lengua del texto/banda sonora o título independiente ita
044 ## - CÓDIGO DEL PAÍS DE LA ENTIDAD EDITORA/PRODUCTORA
Código MARC del país it
084 ## - OTRO NÚMERO DE CLASIFICACIÓN
Número de clasificación 726
Número de documento/Ítem .F53
-- 1829
100 1# - ENTRADA PRINCIPAL--NOMBRE DE PERSONA
Nombre de persona Cervantes Saavedra, Miguel de
Fechas asociadas al nombre 1547-1616
9 (RLIN) 213
245 10 - MENCIÓN DE TÍTULO
Título L´Ingegnoso Cittadino Don Chisciote della Mancia
Mención de responsabilidad, etc. Opera di M. Cervantes Saavedra ; Traduzione nuovissima procurate da chiarissimo signore Bartolomeo Gamba.
260 ## - PUBLICACIÓN, DISTRIBUCIÓN, ETC.
Lugar de publicación, distribución, etc. Parma
Nombre del editor, distribuidor, etc. Pietro Fiaccadori
Fecha de publicación, distribución, etc. 1829-30
300 ## - DESCRIPCIÓN FÍSICA
Extensión 6 v. en 12 tomos
Dimensiones 20 cm.
500 ## - NOTA GENERAL
Nota general Contenido : v.1. Primera parte. Prefacio de los editores. Noticia sobre la vida y obra de Cervantes tomada de Pellicer y Quintana. Dedicatoria y prólogo del autor. 1829. -- v.2. Primera parte. Texto. 1830. -- v.3. Primera parte. Final. Texto. 1830. -- v.4. Segunda parte. Dedicatoria y prólogo del autor. 1830. -- v.5. Segunda parte. Texto. 1830. -- v.6. Segunda parte. Final. Texto. 1830
500 ## - NOTA GENERAL
Nota general Reproducción de la edición de 1818-19, publicada por Alviso-polo, pero sin láminas. Semipiel; lomeras adornadas con dorados Lúdovik Osterc
500 ## - NOTA GENERAL
Nota general QM544A
546 ## - NOTA DE LENGUA/LENGUAJE
Nota de lengua/lenguaje Texto en : italiano
650 14 - PUNTO DE ACCESO ADICIONAL DE MATERIA--TÉRMINO DE MATERIA
Término de materia o nombre geográfico como elemento de entrada Novela española
Subdivisión cronológica Época clásica, 1500-1700
9 (RLIN) 215
650 14 - PUNTO DE ACCESO ADICIONAL DE MATERIA--TÉRMINO DE MATERIA
Término de materia o nombre geográfico como elemento de entrada Literatura española
Subdivisión cronológica Época clásica, 1500-1700
9 (RLIN) 216
650 14 - PUNTO DE ACCESO ADICIONAL DE MATERIA--TÉRMINO DE MATERIA
Término de materia o nombre geográfico como elemento de entrada Novela española
Subdivisión cronológica Siglo XVII
9 (RLIN) 217
650 14 - PUNTO DE ACCESO ADICIONAL DE MATERIA--TÉRMINO DE MATERIA
Término de materia o nombre geográfico como elemento de entrada Don Quijote (Personaje ficticio)
Término indicativo de función/relación Novela
9 (RLIN) 218
700 1# - PUNTO DE ACCESO ADICIONAL--NOMBRE DE PERSONA
Nombre de persona Gamba, Bartolomeo
Fechas asociadas al nombre 1766-1841
Término indicativo de función/relación Traductor
9 (RLIN) 8997
740 0# - PUNTO DE ACCESO ADICIONAL--TÍTULO RELACIONADO O ANALÍTICO NO CONTROLADO
Título relacionado o analítico no controlado El Ingenioso Hidalgo Don Quijote de la Mancha
902 ## - CATALOGADOR
Iniciales QFM
942 ## - ELEMENTOS DE PUNTO DE ACCESO ADICIONAL (KOHA)
Fuente del sistema de clasificación o colocación Library of Congress Classification
Tipo de ítem Koha Libros
Holdings
Estado de retiro Estado de pérdida Estado dañado No para préstamo Localización permanente Ubicación/localización actual Fecha de adquisición Número de inventario Total de préstamos Signatura topográfica completa Código de barras Fecha visto por última vez Precio válido a partir de Tipo de ítem Koha
El ejemplar forma parte de la colección y puede ser consultado según las políticas vigentes.       Biblioteca del Museo Franz Mayer (Rogerio Casas-Alatriste) Biblioteca del Museo Franz Mayer (Rogerio Casas-Alatriste) 14/04/2009 QM544A   726 .F53 1829 (QM544A) 3434 22/03/2019 22/03/2019 Libros